Tilastot visalle Pirkanmaa-visa

Klikkaa tästä pelataksesi tätä visaa!

Yleistilastot

  • Tätä visaa on pelattu 1 558 kertaa
    (160 viimeisimmän päivityksen jälkeen)
  • Keskiarvotulos 14 / 18

Vastaustilastot

VihjeVastaus% Oikein
Maakuntakeskus ja suurin kaupunkiTampere
100%
Maakunnan suurin järviNäsijärvi
94%
Kaupunki, johon samanniminen yritys perusti osakeyhtiön vuonna 1871Nokia
94%
SM-liigassa pelaavat jääkiekkojoukkueetTappara
94%
SM-liigassa pelaavat jääkiekkojoukkueetIlves
93%
Pirkanmaa on väkiluvultaan Suomen toiseksi suurin maakunta. Mikä on suurin?Uusimaa
93%
Suomen korkein rakennusNäsinneula
92%
Vammalassa syntynyt, Herra Hakkarainen -lastenkirjoistaan tunnettu kirjailijaMauri Kunnas
84%
"Pohjoisen Manchester" -nimityksestä juontava kaupungin lempinimiManse
81%
Muun muassa "Tahroja paperilla" ja "Baarikärpänen" -kappaleet tehnyt
poprock-yhtye
Eppu Normaali
80%
Lääni, johon Pirkanmaa kuului vuosina 1831-1997{Hämeen} lääni
79%
Kylpylästään tunnettu kaupunkiIkaalinen
78%
Sääksmäellä vuonna 1861 syntynyt Suomen presidenttiPehr Svinhufvud
76%
Kolmanneksi suurin kaupunkiYlöjärvi
72%
Zacharias Topeliuksen kirjoittama maakuntalaulu{Kesä}päivä Kangasalla
70%
Hämeenkyröläinen Nobelin kirjallisuuspalkinnon voittajaFrans Emil Sillanpää
57%
Pirkanmaa on osa tätä historiallista aluetta (vihje: nykyinen maakunta Suomessa)Ylä-{Satakunta}
57%
Kaksi kansallispuistoa sijaitsee kokonaan Pirkanmaan alueella. Nimeä toinen niistä.Helvetinjärvi tai
Seitseminen
51%

Tulosjakauma

Persentiili vastausten määrän mukaan

Jokaisen tuloksen saaneiden osuus

Tuloshistoriasi

Et ole pelannut tätä visaa sen viimeisimmän päivityksen jälkeen